Dentro y fuera (Record no. 186514)

MARC details
000 -LEADER
campo de control de longitud fija 00955nam a2200229 i 4500
001 - NÚMERO DE CONTROL
campo de control 186514
003 - IDENTIFICADOR DE NÚMERO DE CONTROL
campo de control SpMaBN
005 - FECHA Y HORA DE LA ÚLTIMA TRANSACCIÓN
campo de control 20230906222702.0
008 - DATOS DE LONGITUD FIJA--INFORMACIÓN GENERAL
campo de control de longitud fija 161121s2001 sp o c |||| | spa d
020 ## - NÚMERO INTERNACIONAL ESTÁNDAR DEL LIBRO
Número Internacional Estándar del Libro 84-607-2593-6
080 ## - NÚMERO DE LA CLASIFICACIÓN DECIMAL UNIVERSAL
Número de la Clasificación Decimal Universal 7.032(460)(083.824)
245 00 - MENCIÓN DEL TÍTULO
Título Dentro y fuera
Resto del título : seis intervenciones de artistas en el Casco Histórico de Cáceres : 23 de marzo al 2 de mayo de 2001 /
Mención de responsabilidad, etc. [Daniel Canogar, Rui Chafes, Pello Irazu, Rui Sanches, Susana Solano, Montserrat Soto ; idea de la exposición... y catálogo, Aurora García].
260 ## - PUBLICACIÓN, DISTRIBUCIÓN, ETC.
Lugar de publicación, distribución, etc. [Don Benito, Badajoz] :
Nombre del editor, distribuidor, etc. FEVAL,
Fecha de publicación, distribución, etc. [2001]
300 ## - DESCRIPCIÓN FÍSICA
Extensión 153 p. :
Otras características físicas principalmente il., fot. col. y n. ;
Dimensiones 23 cm.
650 17 - PUNTO DE ACCESO ADICIONAL DE MATERIA--TÉRMINO DE MATERIA
Término de materia o nombre geográfico como elemento de entrada Arte español-
Subdivisión cronológica S.XX-
Subdivisión de forma Exposiciones.
9 (RLIN) 10206
650 04 - PUNTO DE ACCESO ADICIONAL DE MATERIA--TÉRMINO DE MATERIA
Término de materia o nombre geográfico como elemento de entrada Arte-
Subdivisión geográfica Cáceres.
9 (RLIN) 10082
655 #7 - TERMINO DE INDIZACIÓN--GENERO/FORMA
Fuente del término tgfbne
9 (RLIN) 193628
Datos o término principal de género/forma Catálogos de exposiciones
700 1# - ENTRADA AGREGADA--NOMBRE PERSONAL
Nombre de persona García, Aurora.
9 (RLIN) 161338
852 ## - LOCALIZACIÓN
Ubicación ES-MaACL
Número de control de estantería L-30858
942 ## - ELEMENTOS DE ENTRADA SECUNDARIOS (KOHA)
Fuente del sistema de clasificación o colocación Clasificación decimal universal
Holdings
Estatus retirado Estado de pérdida Estado de daño No para préstamo Biblioteca de origen Biblioteca actual Ubicación en estantería Fecha de adquisición Fuente de adquisición Total de préstamos Signatura topográfica completa Código de barras Visto por última vez Precio de reemplazo Tipo de ítem Koha
        Biblioteca del Ateneo de Madrid Biblioteca del Ateneo de Madrid Depósito 2 21/11/2016     L-30858 1196680 23/02/2023 23/02/2023 Libro impreso